000 01317cam a22003134a 4500
001 16145487
005 20221230132743.0
008 100319s2011 dcua b 001 0 eng
906 _a7
_bcbc
_corignew
_d1
_eecip
_f20
_gy-gencatlg
925 0 _aacquire
_b2 shelf copies
_xpolicy default
_eclaim1 2011-02-14
955 _dxj03 2010-04-07
_exj04 2010-04-07 to Dewey
_wrd06 2010-04-07
_fxh16 2011-03-02 to BCCD
_fre12 2011-03-10 telework copy 2 to BCCD
010 _a 2010011658
020 _a9781597267144 (cloth : alk. paper)
020 _a1597267147 (cloth : alk. paper)
020 _a9781597267151 (pbk. : alk. paper)
020 _a1597267155 (pbk. : alk. paper)
040 _aDLC
_cDLC
050 0 0 _aHT166
_b.B3927 2011
082 0 0 _a307.1/216
_222
100 1 _aBeatley, Timothy,
_d1957-
245 1 0 _aBiophilic cities :
_bintegrating nature into urban design and planning /
_cTimothy Beatley.
260 _aWashington, DC :
_bIsland Press,
_c2011.
300 _axvi, 191 p. :
_bill. ;
_c24 cm.
504 _aIncludes bibliographical references (p. 159-179) and index.
650 0 _aCity planning
_xEnvironmental aspects.
650 0 _aSustainable development.
650 0 _aHuman ecology.
650 0 _aUrban ecology (Sociology)
999 _c11083
_d11083